| 000 | 01557nam a2200385 a 4500 | ||
|---|---|---|---|
| 001 | ebr10742106 | ||
| 003 | CaPaEBR | ||
| 006 | m o u | ||
| 007 | cr cn||||||||| | ||
| 008 | 020822s2002 paua sb 001 0deng d | ||
| 010 | _z 2002013690 | ||
| 020 | _z087785310X (pbk.) | ||
| 020 | _z9780877853107 | ||
| 020 | _z9780877856474 (e-book) | ||
| 040 |
_aCaPaEBR _cCaPaEBR |
||
| 035 | _a(OCoLC)857064817 | ||
| 041 | 1 |
_aeng _hger |
|
| 050 | 1 | 4 |
_aB2758 _b.S9413 2002eb |
| 082 | 0 | 4 |
_a289/.4/092 _221 |
| 100 | 1 |
_aKant, Immanuel, _d1724-1804. |
|
| 240 | 1 | 0 |
_aWorks. _kSelections. _lEnglish. _f2002 |
| 245 | 1 | 0 |
_aKant on Swedenborg _h[electronic resource] : _bdreams of a spirit-seer and other writings / _cedited by Gregory R. Johnson ; translated by Gregory R. Johnson and Glenn Alexander Magee. |
| 260 |
_aWest Chester, Pa. : _bSwedenborg Foundation, _cc2002. |
||
| 300 |
_axxvi, 214 p. : _bill. |
||
| 440 | 0 |
_aSwedenborg studies ; _vno. 15 |
|
| 504 | _aIncludes bibliographical references (p. [147]-198) and index. | ||
| 533 |
_aElectronic reproduction. _bPalo Alto, Calif. : _cebrary, _d2013. _nAvailable via World Wide Web. _nAccess may be limited to ebrary affiliated libraries. |
||
| 600 | 1 | 0 |
_aSwedenborg, Emanuel, _d1688-1772. |
| 650 | 0 | _aSpiritualism. | |
| 655 | 7 |
_aElectronic books. _2local |
|
| 700 | 1 | _aJohnson, Gregory R. | |
| 700 | 1 |
_aMagee, Glenn Alexander, _d1966- |
|
| 710 | 2 | _aebrary, Inc. | |
| 856 | 4 | 0 |
_uhttp://site.ebrary.com/lib/rucke/Doc?id=10742106 _zAn electronic book accessible through the World Wide Web; click to view |
| 999 |
_c35348 _d35348 |
||